25 ciudades más pobladas de Cataluña - Estadísticas

Estadísticas generales
  • Esta prueba ha sido intentada 4.438 veces
    3.844 desde el último reinicio
  • La puntuación promedio es 15 de 25
Estadísticas de respuestas
Pob. Municipio Provincia % Correcto
1,66 m Barcelona Barcelona
99%
104 k Gerona Gerona
97%
143 k Lérida Lérida
96%
138 k Tarragona Tarragona
96%
277 k Hospitalet de Llobregat Barcelona
91%
224 k Badalona Barcelona
84%
218 k Sabadell Barcelona
80%
225 k Tarrasa Barcelona
77%
109 k Reus Tarragona
71%
130 k Mataró Barcelona
68%
78,6 k Manresa Barcelona
60%
90,1 k Cornellá de Llobregat Barcelona
56%
97,6 k San Cugat del Vallés Barcelona
55%
119 k Santa Coloma de Gramanet Barcelona
51%
48,2 k Vich Barcelona
49%
47,8 k Figueras Gerona
47%
68,3 k Castelldefels Barcelona
46%
65,4 k El Prat de Llobregat Barcelona
45%
63,0 k Granollers Barcelona
44%
83,7 k San Baudilio de Llobregat Barcelona
44%
80,0 k Rubí Barcelona
38%
68,8 k Villanueva y Geltrú Barcelona
37%
57,8 k Sardañola del Vallés Barcelona
30%
66,6 k Viladecans Barcelona
30%
51,7 k Mollet del Vallés Barcelona
26%
No se encontraron pruebas coincidentes
Distribución de puntuación
Porcentaje de gente con cada puntuación
Porcentaje por número respondido
Historial de tus puntuaciones
No has intentado esta prueba desde el último reinicio